Statistiken für China-Quiz

Klicken Sie hier um das Quiz zu spielen!

Allgemein

  • Dieses Quiz wurde 402 mal gespielt
  • Das Durchschnittsergebnis liegt bei 17 aus 27

Antwortstatistiken

Frage Antwort % Korrekt
Wie heißt die Hauptstadt Chinas?Peking
99%
Welche ehemalige britische Kolonie wurde 1997 an China zurückgegeben?Hongkong
95%
Sprecherreichste chinesische Sprache #1Mandarin
89%
Welches Fabelwesen wird oft mit China in Verbindung gebracht?Drache
86%
Wer war der erste Herrscher über die kommunistische Volksrepublik?Mao Zedong
83%
In welcher Palastanlage lebten bis 1911 die chinesischen Kaiser?die {verbotene} Stadt
82%
Welches Land wurde 1950 von China annektiert?Tibet
82%
Wie heißt Chinas größte Wüste?Gobi
80%
Wie lautet dieser Name auf chinesisch?Beijing
79%
Welche ehemalige portugiesische Kolonie wurde 1999 an China zurückgegeben?Macau
75%
Wie heißen die zwei längsten chinesischen Flüsse?Jangtsekiang
67%
Welches ist Chinas Nationaltier?Großer Panda
64%
Wie heißen die zwei längsten chinesischen Flüsse?Gelber Fluss
62%
Wer war der einflussreichste Philosoph des alten Chinas?Konfuzius
62%
Welcher ist Chinas höchster Berg?Mount Everest
58%
Welches waren die "vier großen Erfindungen" des alten Chinas?Papierherstellung
55%
Welches waren die "vier großen Erfindungen" des alten Chinas?Schwarzpulver
55%
Sprecherreichste chinesische Sprache #2Wu
52%
Sprecherreichste chinesische Sprache #3Yue oder Min
47%
Im chinesischen Kalender gibt es zwölf Tierkreiszeichen. Welches kommt als erstes?Ratte
47%
Auf welchem Platz wurde 1989 eine Demokratiebewegung gewaltsam niedergeschlagen?{Tian’anmen}-Platz
44%
Name der Währung von ChinaRenminbi
44%
Wie heißt Chinas größte Insel?Hainan
43%
Wie lautet der inoffizielle Name des nordöstlichsten Teils Chinas?Mandschurei
40%
Welche Religion / Philosophie folgt den Lehren des Laozi?Daoismus
36%
Welches waren die "vier großen Erfindungen" des alten Chinas?Druckkunst
26%
Welches waren die "vier großen Erfindungen" des alten Chinas?Kompass
24%

Verteilung der Resultate

Perzentil nach korrekt beantworteten Fragen

Anzahl Personen mit jedem Resultat

Ihre Resultats-Entwicklung

Sie haben dieses Quiz noch nicht gespielt